| 000 | 00927nam a2200301Ia 4500 | ||
|---|---|---|---|
| 001 | Para_7385 | ||
| 003 | CHAP | ||
| 008 | 220125s1941 xx 000 0 und d | ||
| 010 | _a206312 | ||
| 040 | _cCHAP | ||
| 082 | _aPA-C 634 B84 | ||
| 245 |
_aPutting profit in tomato growing / _c New Jersey Agricultural Experiment Station |
||
| 260 |
_aNew Brunswick, N.J. : _b La Universidad |
||
| 300 | _a4 p. | ||
| 440 |
_aCircular; 409 _9172602 |
||
| 500 | _aEncuadernado con otros impresos similares | ||
| 650 |
_aFrutas y legumbres _x colecciones de escritos _9172581 |
||
| 650 |
_aTomate _x crecimiento _9113702 |
||
| 650 |
_aTomate _x rendimiento _9113761 |
||
| 710 |
_aNew Jersey Agricultural Experiment Station _9172603 |
||
| 901 | _aPA-C 634 B84 | ||
| 902 | _aA | ||
| 905 | _a0000001941 0000000000 00 | ||
| 910 | _a1941 | ||
| 942 | _cPARA | ||
| 942 |
_cPARA _d1 |
||
| 999 |
_c206312 _d206312 |
||